U.S. States With the Most Fortune 500 Companies - Statistics

General Stats
  • This quiz has been taken 104 times
  • The average score is 16 of 18
Answer Stats
Companies Answer % Correct
53 California
100%
53 New York
99%
49 Texas
99%
20 Florida
98%
28 Illinois
96%
25 Ohio
95%
12 North Carolina
93%
24 Pennsylvania
93%
22 Virginia
93%
19 Georgia
92%
16 New Jersey
92%
17 Michigan
91%
14 Connecticut
89%
18 Massachusetts
87%
10 Colorado
85%
18 Minnesota
83%
10 Missouri
79%
10 Tennessee
79%
No matching quizzes found
Score Distribution
Percent of People with Each Score
Percentile by Number Answered
Your Score History
You have not taken this quiz